Hướng dẫn thực tiễn giao tiếp bằng Pháp = Guide pratique de la communication

Nội dung sách giới thiệu các hành vi giao tiếp trực tiếp. 56 mẫu đối thoại thường dùng trong đời sống xã hội, nghề nghiệp hằng ngày. Giới thiệu một số mẫu thư tính thông thường.

Gardado en:
Detalles Bibliográficos
Formato: Libro
Idioma:Undetermined
Publicado: Thành phố Hồ Chí Minh Sở Giáo dục và Đào tạo 1991
Những chủ đề:
Các nhãn: Engadir etiqueta
Sen Etiquetas, Sexa o primeiro en etiquetar este rexistro!
Thư viện lưu trữ: Trung tâm Học liệu Trường Đại học Cần Thơ
LEADER 00946nam a2200193Ia 4500
001 CTU_232033
008 210402s9999 xx 000 0 und d
082 |a 448.24 
082 |b H561 
245 0 |a Hướng dẫn thực tiễn giao tiếp bằng Pháp = 
245 0 |b Guide pratique de la communication 
260 |a Thành phố Hồ Chí Minh 
260 |b Sở Giáo dục và Đào tạo 
260 |c 1991 
520 |a Nội dung sách giới thiệu các hành vi giao tiếp trực tiếp. 56 mẫu đối thoại thường dùng trong đời sống xã hội, nghề nghiệp hằng ngày. Giới thiệu một số mẫu thư tính thông thường. 
650 |a Tiếng Pháp,French language 
650 |x Cụm từ và đàm thoại,Conversation and phrase books 
910 |b dqhieu 
980 |a Trung tâm Học liệu Trường Đại học Cần Thơ